[Event "Frankfurt Ch 2013"]
[Site "Ffm-Kalbach, LAZ"]
[Date "2013.06.10"]
[Round "6.28"]
[White "Siegismund, Florian"]
[Black "Hierling, Stefan"]
[Result "1/2-1/2"]
[WhiteElo "1705"]
[BlackElo "1940"]
[PlyCount "181"]
[EventDate "2013.??.??"]
[WhiteTeam "SK Bad Schwalbach"]
[BlackTeam "VSG 1880 Offenbach"]

1. d4 d5 2. c4 c6 3. Nf3 Nf6 4. Nc3 g6 5. cxd5 cxd5 6. Bf4 Nc6 7. e3 a6 8. Bd3
Nh5 9. Be5 f6 10. Bg3 e6 11. a3 b5 12. Qc2 Bd7 13. Bh4 Be7 14. g4 Ng7 15. Bg3
b4 16. Ne2 bxa3 17. bxa3 Qa5+ 18. Qc3 Qxc3+ 19. Nxc3 Kf7 20. O-O Rhc8 21. Ne2
Na5 22. Rfb1 Ne8 23. Nd2 Ba4 24. Rb6 Bd8 25. Rxa6 Rxa6 26. Bxa6 Rc2 27. Nf3 Nb3
28. Rb1 Ba5 29. Bd3 Ra2 30. Nc1 Nxc1 31. Rxc1 Rxa3 32. Bf1 Bc3 33. Ne1 e5 34.
dxe5 fxe5 35. Nd3 e4 36. Nf4 d4 37. exd4 Bxd4 38. Ne2 Ba7 39. Rc4 e3 40. Rf4+
Kg7 41. Re4 exf2+ 42. Bxf2 Bxf2+ 43. Kxf2 Nf6 44. Rd4 g5 45. h3 Bb5 46. Ng3
Bxf1 47. Nxf1 Rxh3 48. Ng3 Kg6 49. Kg2 Rh4 50. Kf3 Kf7 51. Nf5 Rh3+ 52. Ng3 Ke6
53. Ra4 Rh4 54. Nf5 Rh3+ 55. Ng3 Rh4 56. Nf5 Rxg4 57. Rxg4 Kxf5 58. Ra4 Nd7 59.
Ra5+ Ne5+ 60. Kg3 h5 61. Kh3 Ke4 62. Ra4+ Ke3 63. Ra3+ Nd3 64. Ra5 Nf4+ 65. Kg3
Ne2+ 66. Kh3 Kf4 67. Ra4+ Kf3 68. Ra3+ Kf2 69. Ra2 Ke3 70. Ra3+ Ke4 71. Ra4+
Nd4 72. Kg3 Ke5 73. Ra5+ Kf6 74. Ra6+ Ne6 75. Ra5 Nf4 76. Rb5 Ne2+ 77. Kh3 Nd4
78. Ra5 Nf3 79. Kg3 Ne5 80. Ra6+ Kf5 81. Ra5 Ke4 82. Ra4+ Ke3 83. Ra5 h4+ 84.
Kh3 Kf4 85. Ra4+ Kf5 86. Ra5 Kf6 87. Ra6+ Kf7 88. Ra5 Kf6 89. Ra6+ Kg7 90. Ra5
Nf7 91. Rxg5+ 1/2-1/2

[Event "Frankfurt Ch 2013"]
[Site "Ffm-Kalbach, LAZ"]
[Date "2013.06.10"]
[Round "6.29"]
[White "Ochmann, Reimund"]
[Black "Weber, Samuel"]
[Result "1-0"]
[WhiteElo "1932"]
[BlackElo "1504"]
[PlyCount "53"]
[EventDate "2013.??.??"]
[WhiteTeam "SK Langen"]
[BlackTeam "SC Flörsheim 1921"]

1. e4 d5 2. exd5 Qxd5 3. Nc3 Qa5 4. d4 Nf6 5. Nf3 Bf5 6. Bc4 e6 7. O-O c6 8.
Re1 Be7 9. Ne5 Nbd7 10. Bb3 O-O-O 11. Nxf7 e5 12. Bd2 Qc7 13. Nxh8 Rxh8 14. d5
e4 15. h3 Ne5 16. Bf4 g5 17. Bxg5 Bxh3 18. d6 Bxd6 19. Bxf6 Bg4 20. Qd4 Nf3+
21. gxf3 Bh2+ 22. Kf1 Bh3+ 23. Ke2 Re8 24. Nxe4 Bg2 25. Kd3 Kb8 26. Ng3 Rf8 27.
Be5 1-0

[Event "Frankfurt Ch 2013"]
[Site "Ffm-Kalbach, LAZ"]
[Date "2013.06.10"]
[Round "6.30"]
[White "Makilla, Tobias"]
[Black "Göbel, Andreas"]
[Result "0-1"]
[WhiteElo "1807"]
[BlackElo "1932"]
[PlyCount "92"]
[EventDate "2013.??.??"]
[WhiteTeam "Sfr.1932 Kelkheim"]
[BlackTeam "SC Brett vor'm Kopp Ffm"]

1. e4 c6 2. d4 d5 3. e5 Bf5 4. Bd3 Bxd3 5. Qxd3 e6 6. Ne2 Qa5+ 7. Nbc3 Qa6 8.
Qh3 c5 9. Nxd5 Qc6 10. Ndc3 Nd7 11. Be3 Ne7 12. O-O Nf5 13. Rad1 Be7 14. d5 Qb6
15. d6 Bd8 16. f4 Qxb2 17. Bf2 Qxc2 18. g4 Nh6 19. Rb1 Bb6 20. f5 exf5 21. g5
Ng4 22. Be3 O-O 23. Rfd1 Nxe3 24. Qxe3 c4 25. Nd4 Bxd4 26. Rxd4 Nxe5 27. Qxe5
Qxc3 28. d7 b6 29. Re1 Rad8 30. Re3 Qa1+ 31. Re1 Qb2 32. Re2 Qc1+ 33. Kf2 Qxg5
34. Qc7 Qf6 35. Rxc4 b5 36. Rc5 Qd4+ 37. Kf1 Rxd7 38. Qc6 Qd1+ 39. Re1 Qd3+ 40.
Kf2 Qd6 41. Qxb5 Qxh2+ 42. Kf3 Qh3+ 43. Kf2 Rd2+ 44. Re2 Qh4+ 45. Kf3 Qg4+ 46.
Ke3 Rxe2+ 0-1

[Event "Frankfurt Ch 2013"]
[Site "Ffm-Kalbach, LAZ"]
[Date "2013.06.10"]
[Round "6.31"]
[White "Kolker, Vladislav"]
[Black "Plattner, Rolf"]
[Result "1-0"]
[WhiteElo "1926"]
[BlackElo "1703"]
[PlyCount "87"]
[EventDate "2013.??.??"]
[WhiteTeam "SC Bad Nauheim"]
[BlackTeam "SK Langen"]

1. e4 c5 2. Nf3 d6 3. d4 cxd4 4. Nxd4 Nf6 5. Nc3 a6 6. Bc4 e6 7. Bb3 b5 8. O-O
Be7 9. f3 Qc7 10. Be3 Nc6 11. Nxc6 Qxc6 12. a4 Bd7 13. axb5 axb5 14. Rxa8+ Qxa8
15. Qd3 Qc6 16. Rd1 O-O 17. Bg5 Qc5+ 18. Be3 Qc6 19. Bf4 e5 20. Bg5 Qc5+ 21.
Be3 Qc6 22. Bd5 Qc8 23. Nxb5 Bxb5 24. Qxb5 Nxd5 25. Qxd5 Qxc2 26. Qd2 Qb3 27.
Qe2 Rb8 28. Bc1 Ra8 29. Be3 h6 30. h3 Ra2 31. Rd2 Bh4 32. Kh2 Be7 33. Rc2 Qe6
34. b4 Rxc2 35. Qxc2 d5 36. exd5 Qxd5 37. Bc5 Bg5 38. b5 h5 39. Bf2 e4 40. b6
Qd6+ 41. g3 e3 42. Qc8+ Kh7 43. Qf5+ Kh6 44. h4 1-0

[Event "Frankfurt Ch 2013"]
[Site "Ffm-Kalbach, LAZ"]
[Date "2013.06.10"]
[Round "6.32"]
[White "Barisch, Florian"]
[Black "Mußler, Thomas"]
[Result "0-1"]
[WhiteElo "1797"]
[BlackElo "1894"]
[PlyCount "138"]
[EventDate "2013.??.??"]
[WhiteTeam "SV 1934 Ffm-Griesheim"]
[BlackTeam "SC Flörsheim 1921"]

1. e4 e6 2. d4 d5 3. e5 c5 4. c3 Nc6 5. Nf3 Bd7 6. Bd3 Qb6 7. O-O cxd4 8. cxd4
Nxd4 9. Nxd4 Qxd4 10. Re1 Ne7 11. Nc3 a6 12. Qe2 Ng6 13. Bc2 Be7 14. Bd2 O-O
15. Rad1 Qh4 16. Bb3 Bc6 17. g3 Qh3 18. Qf1 Qxf1+ 19. Kxf1 Bc5 20. f4 Ne7 21.
Bc2 g6 22. Be3 Bb4 23. Bd4 Nf5 24. Bxf5 gxf5 25. a3 Be7 26. Kf2 b5 27. Ne2 Rfc8
28. Rc1 Bd7 29. Rxc8+ Rxc8 30. Rc1 Rc4 31. Ke3 Kf8 32. Rxc4 dxc4 33. Bb6 Bc6
34. Kd4 Ke8 35. Bc5 Bd8 36. Bd6 Bb6+ 37. Bc5 Ba5 38. Bb4 Bb6+ 39. Bc5 Bd8 40.
Bd6 Kd7 41. Kc5 Be4 42. Nc3 Bf3 43. Na2 Kc8 44. Nb4 Kb7 45. Kd4 a5 46. Nc2 Kc6
47. Bc5 Bb6 48. Bxb6 Kxb6 49. Ne3 Be2 50. Nc2 Bd3 51. Ne3 Kc6 52. Nd1 b4 53.
axb4 axb4 54. h3 Be2 55. Ne3 Kb5 56. Nc2 Bd3 57. Ne3 Be2 58. g4 fxg4 59. hxg4
c3 60. b3 Bf3 61. f5 Bxg4 62. fxe6 Bxe6 63. Kd3 Bxb3 64. Nf5 Be6 65. Nd6+ Ka4
66. Kc2 h5 67. Nb7 h4 68. Nc5+ Ka3 69. Kb1 h3 0-1

[Event "Frankfurt Ch 2013"]
[Site "Ffm-Kalbach, LAZ"]
[Date "2013.06.10"]
[Round "6.34"]
[White "Beck, Michael"]
[Black "Zimmer, Gerald"]
[Result "1/2-1/2"]
[WhiteElo "1760"]
[BlackElo "1882"]
[PlyCount "91"]
[EventDate "2013.??.??"]
[WhiteTeam "SC Flörsheim 1921"]
[BlackTeam "SC Bergen-Enkheim 1922"]

1. Nf3 Nf6 2. c4 e6 3. g3 d5 4. Bg2 Bd6 5. d4 c6 6. Qc2 O-O 7. Nbd2 Nbd7 8. O-O
b6 9. e4 dxe4 10. Ng5 Bb7 11. Ndxe4 Be7 12. Rd1 h6 13. Nxf6+ Nxf6 14. Ne4 Nxe4
15. Qxe4 Qc7 16. Bf4 Bd6 17. Be5 Rad8 18. Re1 Bxe5 19. dxe5 Rd2 20. Re2 Rfd8
21. Rae1 R2d4 22. Qc2 c5 23. f4 Bxg2 24. Rxg2 Qb7 25. f5 exf5 26. Qxf5 Rd1 27.
Qf1 Rxe1 28. Qxe1 Qd7 29. b3 Qd4+ 30. Kf1 Re8 31. Re2 Re6 32. Re4 Qd3+ 33. Qe2
Qxe2+ 34. Rxe2 Kh7 35. g4 Kg6 36. Kf2 f6 37. exf6 Rxe2+ 38. Kxe2 Kxf6 39. Kf3
Ke5 40. Ke3 g6 41. h4 a6 42. a3 h5 43. g5 Kf5 44. Kf3 Ke5 45. Ke3 a5 46. a4
1/2-1/2

[Event "Frankfurt Ch 2013"]
[Site "Ffm-Kalbach, LAZ"]
[Date "2013.06.10"]
[Round "6.35"]
[White "Cichon, Jörg"]
[Black "Lebermann, Hellmuth"]
[Result "0-1"]
[WhiteElo "1727"]
[BlackElo "1858"]
[PlyCount "40"]
[EventDate "2013.??.??"]
[WhiteTeam "SC Zitadelle Spandau 1977"]
[BlackTeam "SK Bad Homburg 1927"]

1. e4 e5 2. Nf3 d5 3. exd5 Bd6 4. d3 Nf6 5. Bg5 Nbd7 6. Nbd2 h6 7. Bh4 g5 8.
Bg3 Nxd5 9. h3 Qe7 10. Nc4 Nf4 11. Nxd6+ cxd6 12. Bxf4 gxf4 13. g4 Nb6 14. Qe2
Bd7 15. O-O-O O-O-O 16. d4 f6 17. d5 Kb8 18. c4 Nxc4 19. Qe4 Nb6 20. Bd3 Nxd5
0-1

[Event "Frankfurt Ch 2013"]
[Site "Ffm-Kalbach, LAZ"]
[Date "2013.06.10"]
[Round "6.36"]
[White "Imelmann, Esther"]
[Black "Thomele, Michael"]
[Result "1/2-1/2"]
[WhiteElo "1640"]
[BlackElo "1828"]
[PlyCount "73"]
[EventDate "2013.??.??"]
[WhiteTeam "SC 1961 König Nied"]
[BlackTeam "SC 1959 Obernau"]

1. d4 d5 2. c4 c6 3. Nc3 e6 4. Nf3 Nf6 5. Bg5 Be7 6. e3 Nbd7 7. a3 h6 8. Bh4
Ne4 9. Bxe7 Qxe7 10. Nxe4 dxe4 11. Nd2 f5 12. Qh5+ Qf7 13. Qxf7+ Kxf7 14. f3
exf3 15. gxf3 Re8 16. O-O-O c5 17. Nb3 cxd4 18. Nxd4 a6 19. Bg2 Nf6 20. e4 fxe4
21. fxe4 e5 22. Nf5 Bxf5 23. exf5 Re7 24. Kb1 Rc8 25. b3 Ng4 26. Bd5+ Ke8 27.
Be6 Rd8 28. Rxd8+ Kxd8 29. h3 Nf6 30. Kc2 Kc7 31. Rd1 g6 32. Rg1 g5 33. Re1 Kd6
34. Rd1+ Kc7 35. Re1 Kd6 36. Rd1+ Kc7 37. Re1 1/2-1/2

[Event "Frankfurt Ch 2013"]
[Site "Ffm-Kalbach, LAZ"]
[Date "2013.06.10"]
[Round "6.37"]
[White "Gottschlich, Alexander"]
[Black "Larem, Peter"]
[Result "0-1"]
[WhiteElo "1524"]
[BlackElo "1826"]
[PlyCount "73"]
[EventDate "2013.??.??"]
[WhiteTeam "SV 1920 Hofheim"]
[BlackTeam "SSG Rödermark/Eppertshausen"]

1. e4 e5 2. Nf3 Nf6 3. Nc3 Nc6 4. Bc4 Be7 5. d3 d6 6. h3 O-O 7. O-O Na5 8. Bb3
Nxb3 9. axb3 a6 10. Bg5 c6 11. Re1 Nd7 12. Bxe7 Qxe7 13. d4 f5 14. d5 f4 15.
dxc6 bxc6 16. Nd2 Qg5 17. Qf3 Nc5 18. Nc4 Ne6 19. Ne2 Qg6 20. h4 Nc5 21. h5 Qg5
22. g3 Bg4 23. Qh1 fxg3 24. Nxg3 Bf3 25. Qh3 Nxe4 26. Rxe4 Bxe4 27. Qe6+ Kh8
28. Nxd6 Bd5 29. Qh3 Qf6 30. Nde4 Qf3 31. Qg2 Bxe4 32. Nxe4 Qe2 33. Nc5 Rf4 34.
Ra4 Qe1+ 35. Qf1 Qxf1+ 36. Kxf1 Rxa4 37. Nxa4 {...} 0-1

[Event "Frankfurt Ch 2013"]
[Site "Ffm-Kalbach, LAZ"]
[Date "2013.06.10"]
[Round "6.39"]
[White "Balzereit, Georg"]
[Black "Koch, Markus"]
[Result "0-1"]
[WhiteElo "1634"]
[BlackElo "2105"]
[PlyCount "58"]
[EventDate "2013.??.??"]
[WhiteTeam "vereinslos"]
[BlackTeam "SC Brett vor'm Kopp Ffm"]

1. e4 c5 2. d4 cxd4 3. c3 dxc3 4. Nxc3 Nc6 5. Nf3 e6 6. Bc4 a6 7. O-O Nge7 8.
Bg5 f6 9. Be3 b5 10. Bb3 Ng6 11. Rc1 Be7 12. Qe2 O-O 13. Rfd1 Qe8 14. Nd4 Na5
15. Bc2 Nc4 16. Bb3 Na5 17. Bc2 Bb7 18. b3 Rc8 19. Ncxb5 axb5 20. Qxb5 Rc5 21.
Qb6 Qa8 22. Bd3 Rxc1 23. Rxc1 Nc6 24. Nb5 Nge5 25. Bb1 Qb8 26. f4 Ng4 27. h3
Bd8 28. Qc5 Nxe3 29. Qxe3 Ba6 0-1

[Event "Frankfurt Ch 2013"]
[Site "Ffm-Kalbach, LAZ"]
[Date "2013.06.10"]
[Round "6.40"]
[White "Zerhusen, Martin"]
[Black "Ostermeier, Thorsten"]
[Result "1-0"]
[WhiteElo "1568"]
[BlackElo "1931"]
[PlyCount "163"]
[EventDate "2013.??.??"]
[WhiteTeam "SV Oberursel"]
[BlackTeam "Sfr. Frankfurt 1921"]

1. d4 d5 2. c4 c6 3. Nc3 Nf6 4. Nf3 dxc4 5. e3 Bg4 6. Bxc4 e6 7. O-O Bd6 8. a3
O-O 9. Be2 Nbd7 10. b4 a6 11. Bb2 Qe7 12. Qb3 e5 13. dxe5 Nxe5 14. Nd4 Bc7 15.
Rad1 Rad8 16. Bxg4 Nfxg4 17. g3 Qf6 18. Kg2 Rd7 19. Ne4 Qg6 20. Nc5 Rd5 21. h3
Nf6 22. Qc2 Qh5 23. Nxb7 Rb8 24. Nc5 a5 25. Na6 Rc8 26. Qf5 Qxf5 27. Nxf5 Ng6
28. g4 Bb6 29. Bxf6 gxf6 30. Rc1 Kf8 31. Rc3 Ne7 32. Nxe7 Kxe7 33. Rfc1 Ra8 34.
Nc5 axb4 35. axb4 h5 36. Ne4 hxg4 37. hxg4 Ra4 38. Rxc6 Rxb4 39. Nxf6 Rd2 40.
Kf3 Rb5 41. Ne4 Rd8 42. R1c2 f5 43. gxf5 Rxf5+ 44. Ke2 Rb5 45. Rd2 Ra8 46. Rdd6
Rb2+ 47. Kf3 Bd8 48. Ra6 Rc8 49. Ra7+ Rc7 50. Rxc7+ Bxc7 51. Ra6 Be5 52. Kg4
Rb4 53. Kf5 Bh2 54. Ra7+ Kd8 55. Rh7 Bc7 56. Ng5 Rb5+ 57. Kg4 Bb6 58. Ne6+ Kc8
59. Nd4 Rd5 60. Ne2 Rd3 61. Kf3 Ra3 62. Nf4 Kd8 63. Nd5 Bc5 64. Kf4 Rd3 65. Nf6
Rd1 66. f3 Be7 67. Ng4 Kd7 68. e4 Ra1 69. Kf5 Ke8 70. f4 Kf8 71. e5 Ra5 72. Nf6
Ra6 73. Kg6 Bxf6 74. exf6 Kg8 75. Rb7 Ra8 76. f7+ Kf8 77. f5 Rc8 78. f6 Rd8 79.
Re7 Rc8 80. Re8+ Rxe8 81. fxe8=Q+ Kxe8 82. Kg7 1-0

[Event "Frankfurt Ch 2013"]
[Site "Ffm-Kalbach, LAZ"]
[Date "2013.06.10"]
[Round "6.41"]
[White "Mehl, Ulrich"]
[Black "Pauly, Markus"]
[Result "0-1"]
[WhiteElo "1589"]
[BlackElo "1930"]
[PlyCount "66"]
[EventDate "2013.??.??"]
[WhiteTeam "TSG Nieder-Erlenbach 1888"]
[BlackTeam "Sfr.Erbach"]

1. d4 g6 2. c4 Bg7 3. e4 c5 4. d5 d6 5. Nc3 Nf6 6. Nf3 e6 7. Be2 exd5 8. exd5
O-O 9. O-O Re8 10. Bg5 h6 11. Be3 a6 12. Qd2 Kh7 13. h4 Nbd7 14. g3 Ng4 15. Bf4
Nde5 16. Kg2 Nxf3 17. Bxf3 Ne5 18. Be2 Rb8 19. a4 b6 20. Rae1 Rb7 21. b3 f5 22.
Bd1 Qf6 23. Ne2 b5 24. axb5 axb5 25. cxb5 Rxb5 26. Rh1 Bb7 27. Bg5 Qf7 28. Nf4
hxg5 29. hxg5+ Kg8 30. Bh5 gxh5 31. g6 Nxg6 32. Rxe8+ Qxe8 33. Nxg6 Qxg6 0-1

[Event "Frankfurt Ch 2013"]
[Site "Ffm-Kalbach, LAZ"]
[Date "2013.06.10"]
[Round "6.42"]
[White "Braunberger, Gerald"]
[Black "Mühlbach, Christian"]
[Result "0-1"]
[WhiteElo "1883"]
[BlackElo "1634"]
[PlyCount "119"]
[EventDate "2013.??.??"]
[WhiteTeam "SK Bad Homburg 1927"]
[BlackTeam "SK Langen"]

1. e4 e5 2. Bc4 Nf6 3. d3 d6 4. Nf3 Be7 5. h3 Be6 6. Bb3 O-O 7. c3 Qd7 8. Be3
c6 9. Bc2 Qc7 10. Nbd2 Nbd7 11. Ng5 Rfe8 12. Nxe6 fxe6 13. Qe2 a5 14. O-O d5
15. Nf3 Rad8 16. a4 c5 17. Bb3 Nf8 18. Bg5 h6 19. Bh4 Ng6 20. g3 Bd6 21. Bxf6
gxf6 22. Nh2 Bf8 23. Qf3 Qf7 24. Rad1 Rd7 25. Ng4 Red8 26. Qxf6 Bg7 27. Qxf7+
Kxf7 28. Ne3 Ne7 29. f4 exf4 30. Rxf4+ Kg6 31. Rdf1 h5 32. Rf7 Be5 33. g4 h4
34. Ng2 Kg5 35. exd5 Nxd5 36. Rxd7 Rxd7 37. Ne1 Bg3 38. Nf3+ Kh6 39. Bxd5 exd5
40. d4 c4 41. Ne5 Re7 42. Rf5 Kg7 43. Kf1 Kg8 44. Ke2 Re6 45. Kf3 Rb6 46. g5
Rxb2 47. Kg4 Be1 48. Kh5 Bxc3 49. Nd7 Bb4 50. Nf6+ Kg7 51. Ne8+ Kg8 52. Kg6 Re2
53. Nf6+ Kf8 54. Nxd5+ Ke8 55. Kh7 c3 56. g6 c2 57. g7 Rg2 58. Nf6+ Ke7 59. Ng4
c1=Q 60. g8=Q {ZÜ} 0-1

[Event "Frankfurt Ch 2013"]
[Site "Ffm-Kalbach, LAZ"]
[Date "2013.06.10"]
[Round "6.43"]
[White "Jähnert, Wolfgang"]
[Black "Weiland, Thomas"]
[Result "0-1"]
[WhiteElo "1551"]
[BlackElo "1787"]
[PlyCount "42"]
[EventDate "2013.??.??"]
[WhiteTeam "Bad Vilbeler Sfr.1985"]
[BlackTeam "SV Oberursel"]

1. d4 e6 2. Nf3 d5 3. g3 c5 4. c4 Nf6 5. cxd5 Nxd5 6. Nc3 Nc6 7. e3 cxd4 8.
Nxd4 Nxc3 9. bxc3 Bd7 10. Bg2 Qc7 11. O-O a6 12. Bb2 Be7 13. Rb1 Rc8 14. Nxc6
Bxc6 15. Bxc6+ Qxc6 16. Qb3 b5 17. Rbc1 Qc4 18. Rfd1 e5 19. Rd5 f6 20. Rcd1 O-O
21. Ba3 Qxb3 0-1

[Event "Frankfurt Ch 2013"]
[Site "Ffm-Kalbach, LAZ"]
[Date "2013.06.10"]
[Round "6.44"]
[White "Cors, Heinz-Friedrich"]
[Black "Fischer, Lutz"]
[Result "0-1"]
[WhiteElo "1780"]
[BlackElo "1603"]
[PlyCount "64"]
[EventDate "2013.??.??"]
[WhiteTeam "SV SF Darmstadt 1994"]
[BlackTeam "Sfr. Frankfurt 1921"]

1. e4 e6 2. d4 d5 3. e5 c5 4. c3 Nc6 5. Nf3 Qb6 6. a3 c4 7. Nbd2 Na5 8. Be2 Nh6
9. O-O Be7 10. Re1 Bd7 11. Rb1 O-O 12. Nf1 Nf5 13. g4 Nh4 14. Ng3 Nxf3+ 15.
Bxf3 f6 16. Be3 fxe5 17. dxe5 Qc7 18. Bd4 Nb3 19. Bg2 Bg5 20. Re2 Ba4 21. Qe1
Nxd4 22. cxd4 Rf4 23. Qc3 Qb6 24. h3 Rxd4 25. Nf1 Rf8 26. Nh2 Rd1+ 27. Rxd1
Bxd1 28. Rd2 Bxd2 29. Qxd2 Qb3 30. Bxd5 exd5 31. Qxd5+ Kh8 32. Qd6 Re8 0-1

[Event "Frankfurt Ch 2013"]
[Site "Ffm-Kalbach, LAZ"]
[Date "2013.06.10"]
[Round "6.45"]
[White "Benikhis, Avram"]
[Black "Steiz, Johann"]
[Result "0-1"]
[WhiteElo "1750"]
[BlackElo "1603"]
[PlyCount "122"]
[EventDate "2013.??.??"]
[WhiteTeam "SC Eschbach im Usinger Land"]
[BlackTeam "ESV Grossenbaum 1973"]

1. e4 d5 2. exd5 Nf6 3. d4 Nxd5 4. c4 Nf6 5. Nf3 Bg4 6. Be2 Nc6 7. d5 Bxf3 8.
Bxf3 Ne5 9. Be2 Qd7 10. O-O c6 11. Nc3 e6 12. dxe6 Qxe6 13. Re1 Be7 14. Bf1 Rd8
15. Qb3 Nf3+ 16. gxf3 Qxe1 17. Rb1 Qe6 18. Qxb7 Qd7 19. Qb3 O-O 20. Qc2 Bd6 21.
Bg5 Be7 22. Rd1 Qe6 23. Bd2 h6 24. Re1 Qd7 25. Be3 Qc7 26. Qf5 Qd7 27. Qc2 Bd6
28. Kh1 Rfe8 29. Rd1 Qc7 30. h3 Bf4 31. Bd4 Be5 32. Be3 Rxd1 33. Qxd1 Rd8 34.
Qc2 Qd7 35. Kg2 Nh5 36. Qe4 Bc7 37. c5 Nf6 38. Qh4 Qf5 39. Ne4 Nxe4 40. Qxe4
Qe5 41. Qxe5 Bxe5 42. b3 Bd4 43. Bxd4 Rxd4 44. Bc4 a5 45. a4 Rh4 46. Kg3 Rh5
47. Kf4 Rxc5 48. h4 g5+ 49. hxg5 hxg5+ 50. Kg4 Kg7 51. f4 gxf4 52. Kxf4 Kf6 53.
Ke4 Re5+ 54. Kf4 Rf5+ 55. Ke3 Ke5 56. f3 c5 57. Bd3 Rf4 58. Bc4 f5 59. Bf7 Rd4
60. Bg8 f4+ 61. Ke2 Rd8 0-1

[Event "Frankfurt Ch 2013"]
[Site "Ffm-Kalbach, LAZ"]
[Date "2013.06.10"]
[Round "6.46"]
[White "Rauscher, Joachim"]
[Black "Willenbring, Jens-Dirk"]
[Result "1/2-1/2"]
[WhiteElo "1720"]
[BlackElo "1551"]
[PlyCount "60"]
[EventDate "2013.??.??"]
[WhiteTeam "SC Brett vor'm Kopp Ffm"]
[BlackTeam "Bad Vilbeler Sfr.1985"]

1. e4 c6 2. d4 d5 3. Nc3 dxe4 4. Nxe4 Nf6 5. Ng3 e6 6. Bc4 Nbd7 7. N1e2 Be7 8.
O-O O-O 9. Re1 b6 10. c3 Bb7 11. Bb3 c5 12. Bc2 Qc7 13. f3 Bd6 14. Bg5 h6 15.
Bxf6 Nxf6 16. Kh1 Rad8 17. Qd3 c4 18. Qd2 Nd5 19. Be4 f5 20. Bxd5 Bxd5 21. Nf1
f4 22. Ng1 g5 23. Qc2 Qg7 24. Re2 h5 25. Rae1 Rde8 26. Nd2 g4 27. b3 b5 28.
bxc4 bxc4 29. Ne4 Bc7 30. Nc5 e5 1/2-1/2

[Event "Frankfurt Ch 2013"]
[Site "Ffm-Kalbach, LAZ"]
[Date "2013.06.10"]
[Round "6.47"]
[White "Lemonidis, Christos"]
[Black "Lanz, Jürgen"]
[Result "1/2-1/2"]
[WhiteElo "1714"]
[BlackElo "1549"]
[PlyCount "71"]
[EventDate "2013.??.??"]
[WhiteTeam "SC 1961 König Nied"]
[BlackTeam "SC 1979 Hattersheim"]

1. e4 e5 2. Nf3 Nf6 3. d3 Nc6 4. g3 Bc5 5. Bg2 d6 6. O-O Be6 7. Nbd2 Qd7 8. c3
Bg4 9. b4 Bb6 10. Nc4 O-O 11. a4 a6 12. Nxb6 cxb6 13. Be3 d5 14. Qb1 d4 15.
cxd4 exd4 16. Bd2 Rfe8 17. Nh4 Bh3 18. f4 Bxg2 19. Kxg2 Rac8 20. h3 Rc7 21. Qd1
g6 22. f5 Kg7 23. Bg5 Ng8 24. f6+ Kh8 25. Nxg6+ fxg6 26. f7 Rf8 27. fxg8=Q+
Kxg8 28. Rxf8+ Kxf8 29. Bh6+ Ke8 30. Qd2 Qe7 31. Rf1 Nxb4 32. Rf8+ Kd7 33. Kf3
Nxd3 34. Qa2 Ne1+ 35. Kf4 Nd3+ 36. Kf3 1/2-1/2

[Event "Frankfurt Ch 2013"]
[Site "Ffm-Kalbach, LAZ"]
[Date "2013.06.10"]
[Round "6.48"]
[White "Bastian, Holger"]
[Black "Midanka, Vladimir"]
[Result "0-1"]
[WhiteElo "1698"]
[BlackElo "1509"]
[PlyCount "104"]
[EventDate "2013.??.??"]
[WhiteTeam "Aschaffenburg- Schweinheim"]
[BlackTeam "vereinslos"]

1. e4 e5 2. Nf3 Nc6 3. g3 Nge7 4. Bg2 Ng6 5. O-O Bc5 6. d3 a6 7. Nbd2 d6 8. c3
O-O 9. Nb3 Bb6 10. Qe2 Nce7 11. d4 Bg4 12. h3 Bd7 13. Rd1 Qc8 14. Kh2 f5 15.
exf5 Bxf5 16. c4 Bd7 17. c5 Bb5 18. Qe1 Ba7 19. dxe5 dxc5 20. Be3 Bc6 21. Bxc5
Bxf3 22. Bxf3 Rxf3 23. Bxa7 Rxa7 24. Qe2 Qf8 25. Kg2 Rf7 26. Nc5 Nc6 27. Ne6
Qe7 28. Qc4 Nf8 29. Nxf8 Qxf8 30. f4 Ra8 31. f5 Nxe5 32. Qd5 Nc6 33. g4 Rd8 34.
Qb3 b6 35. Qa4 Ne5 36. Qxa6 Rfd7 37. Re1 Rd2+ 38. Re2 Qd6 39. Rae1 Qd5+ 40. Kg3
Qf3+ 41. Kh4 Rxe2 42. Rxe2 Qd3 43. Qxd3 Nxd3 44. Re7 Rc8 45. Re2 Kf7 46. Rd2
Ne5 47. Rd5 Nc4 48. b3 Nd6 49. a4 Rd8 50. Kh5 g6+ 51. fxg6+ hxg6+ 52. Kh4 Nf5+
0-1

[Event "Frankfurt Ch 2013"]
[Site "Ffm-Kalbach, LAZ"]
[Date "2013.06.10"]
[Round "6.49"]
[White "Paulsen, Alexej"]
[Black "Kletzerman, Simon"]
[Result "0-1"]
[WhiteElo "1665"]
[BlackElo "1504"]
[PlyCount "40"]
[EventDate "2013.??.??"]
[WhiteTeam "TuS Makkabi Ffm"]
[BlackTeam "TuS Makkabi Ffm"]

1. e4 d6 2. d4 g6 3. f4 e6 4. Nf3 Bg7 5. Nc3 b6 6. Be3 Ne7 7. Bd3 Bb7 8. Qd2
O-O 9. O-O Nd7 10. g4 c5 11. Nb5 Nf6 12. e5 dxe5 13. Nxe5 Qd5 14. Nf3 Qc6 15.
g5 Ng4 16. Be2 Nf5 17. Bf2 a6 18. Nc3 Nxf2 19. Rxf2 Nxd4 20. Nxd4 Qh1# 0-1

[Event "Frankfurt Ch 2013"]
[Site "Ffm-Kalbach, LAZ"]
[Date "2013.06.10"]
[Round "6.50"]
[White "Kirschner, Matthias"]
[Black "Brauer, Frank"]
[Result "1-0"]
[WhiteElo "1517"]
[BlackElo "1657"]
[PlyCount "97"]
[EventDate "2013.??.??"]
[WhiteTeam "SV 1997 Nauheim"]
[BlackTeam "TuS Makkabi Ffm"]

1. c4 Nf6 2. Nc3 c5 3. g3 e6 4. Bg2 Nc6 5. d3 Be7 6. Nf3 O-O 7. Bg5 h6 8. Bxf6
Bxf6 9. a3 d5 10. Nd2 Ne7 11. Qc2 Rb8 12. O-O b6 13. Rab1 Bb7 14. b4 Bxc3 15.
Qxc3 d4 16. Qc2 Bxg2 17. Kxg2 Qc7 18. Kg1 e5 19. bxc5 bxc5 20. Rxb8 Rxb8 21.
Rb1 Rb6 22. Rb5 Qc6 23. Qb3 Nc8 24. Ne4 Nd6 25. Nxd6 Qxd6 26. a4 f6 27. a5 Rc6
28. Rb7 Ra6 29. Qb5 Qc6 30. Qxc6 Rxc6 31. Rxa7 Kh7 32. Kf1 Kg6 33. Ke1 f5 34.
Kd1 e4 35. Kc2 Kf6 36. Kb3 exd3 37. exd3 Rc8 38. Rb7 Re8 39. Ka4 Re2 40. Rb6+
Kg5 41. Kb5 Rxf2 42. Kxc5 Rxh2 43. Kxd4 Ra2 44. a6 f4 45. gxf4+ Kxf4 46. c5 h5
47. c6 h4 48. c7 Rc2 49. a7 1-0

[Event "Frankfurt Ch 2013"]
[Site "Ffm-Kalbach, LAZ"]
[Date "2013.06.10"]
[Round "6.51"]
[White "Seickel, Ralf"]
[Black "Staeger, Tim"]
[Result "1-0"]
[WhiteElo "1921"]
[BlackElo "1563"]
[PlyCount "53"]
[EventDate "2013.??.??"]
[WhiteTeam "vereinslos"]
[BlackTeam "Sfr. Frankfurt 1921"]

1. c4 Nf6 2. d4 e6 3. Nc3 Bb4 4. a3 Bxc3+ 5. bxc3 O-O 6. e3 c5 7. Bd3 d5 8. Nf3
Nc6 9. O-O b6 10. Ne5 Bb7 11. f4 dxc4 12. Bxc4 Nxe5 13. fxe5 Ne4 14. Qc2 Qg5
15. Bd3 f5 16. exf6 Nxf6 17. e4 Qh5 18. Bf4 Rad8 19. e5 Nd5 20. Be2 Qf5 21. Bd3
Qh5 22. Bd2 cxd4 23. cxd4 Qh4 24. Be4 Rxf1+ 25. Rxf1 Nb4 26. Qc7 Bxe4 27. Qf7+
1-0

[Event "Frankfurt Ch 2013"]
[Site "Ffm-Kalbach, LAZ"]
[Date "2013.06.10"]
[Round "6.52"]
[White "Liebske, Reiner"]
[Black "Panosch, Walter"]
[Result "1-0"]
[WhiteElo "1671"]
[BlackElo "1503"]
[PlyCount "67"]
[EventDate "2013.??.??"]
[WhiteTeam "SV Frankfurt Nord 1926"]
[BlackTeam "SC Matt im Park Ffm"]

1. e4 c5 2. Nf3 d6 3. d4 cxd4 4. Nxd4 Nc6 5. Be3 a6 6. c4 Nf6 7. Nc3 g6 8. Be2
Bg7 9. O-O O-O 10. Rc1 Ne5 11. h3 Bd7 12. Qd2 Rc8 13. b3 Nc6 14. Rfd1 Ne8 15.
Nf3 e6 16. c5 Ne5 17. Nxe5 Bxe5 18. Bh6 Bg7 19. Bxg7 Kxg7 20. cxd6 b5 21. e5 f6
22. f4 fxe5 23. fxe5 Rf5 24. Qd4 Rb8 25. Bg4 Rf7 26. Ne4 h6 27. Nc5 Qb6 28.
Bxe6 Rd8 29. Bxf7 Kxf7 30. Qd5+ Kg7 31. e6 Bc6 32. Qe5+ Nf6 33. e7 Re8 34. Rf1
1-0

[Event "Frankfurt Ch 2013"]
[Site "Ffm-Kalbach, LAZ"]
[Date "2013.06.10"]
[Round "6.53"]
[White "Paaßen, Klaus"]
[Black "Markulic, Petar"]
[Result "1/2-1/2"]
[WhiteElo "1439"]
[BlackElo "1643"]
[PlyCount "87"]
[EventDate "2013.??.??"]
[WhiteTeam "SV 1926 Fechenheim"]
[BlackTeam "vereinslos"]

1. d4 d5 2. c4 e6 3. e3 Nf6 4. Nc3 c5 5. Nf3 b6 6. Be2 Bb7 7. O-O Be7 8. b3 O-O
9. Bb2 Nc6 10. Rc1 Ne4 11. cxd5 exd5 12. Na4 cxd4 13. Nxd4 Rc8 14. Nf5 Bf6 15.
Ba3 Be7 16. Nxe7+ Nxe7 17. Bf3 Nc5 18. Nxc5 bxc5 19. Bxc5 Re8 20. Qd2 Nc6 21.
Rfd1 Qf6 22. Ba3 Qg6 23. Bb2 Ne7 24. Rxc8 Rxc8 25. Ba3 Nc6 26. Rc1 Ne5 27.
Rxc8+ Bxc8 28. Be4 Qxe4 29. Qc1 Qf5 30. h3 h6 31. Qc7 Be6 32. Bd6 Nd3 33. Bg3
h5 34. Qb8+ Kh7 35. Qxa7 g5 36. f3 g4 37. hxg4 hxg4 38. f4 Qe4 39. a4 Qb4 40.
f5 Qc5 41. Qxc5 Nxc5 42. fxe6 fxe6 43. b4 Nxa4 44. b5 1/2-1/2